[Event "Kuzbass-ch"]
[Site "Kemerovo"]
[Date "2010.10.30"]
[Round "9"]
[White "Akentjev, Oleg"]
[Black "Popov, Anatoliy"]
[Result "0-1"]
[WhiteElo "1834"]
[BlackElo "2177"]
[PlyCount "81"]
[EventDate "2010.10.23"]
[EventType "swiss"]
[EventRounds "9"]
[EventCountry "RUS"]
[SourceTitle "EXT 2011"]
[Source "ChessBase"]
[SourceDate "2010.11.26"]
[SourceVersion "1"]
[SourceVersionDate "2010.11.26"]
[SourceQuality "1"]

1. f4 d5 2. Nf3 Nf6 3. e3 e6 4. b3 Be7 5. Bb2 c5 6. Bb5+ Bd7 7. Bxd7+ Nbxd7 8. Nc3 a6 9. 0-0 Qc7 10. Qe1 0-0-0 11. a3 h6 12. d4 Rhg8 13. Ne5 Rdf8 14. Nxd7 Nxd7 15. Na4 Kb8 16. Qe2 Rc8 17. Rac1 c4 18. Nc3 f5 19. b4 g5 20. Na4 b6 21. Bc3 Nf6 22. Be1 Ka7 23. Nc3 Bd6 24. Bd2 Rg7 25. b5 a5 26. Na4 Kb7 27. Nc3 Bxa3 28. Ra1 Bb2 29. Na4 Bxa1 30. Rxa1 c3 31. Bxc3 Ne4 32. Ra3 gxf4 33. Nc5+ bxc5 34. Bxa5 Qd6 35. b6 f3 36. Qxf3 cxd4 37. exd4 Rxc2 38. Bd2 Qxb6 39. Rb3 Nxd2 40. Rxb6+ Kxb6 41. Qf4 0-1